L’ignoranza dell’et ̉del minore nei delitti sessuali

Bibliographic Details
Main Author: Pierri, Paola
Format: eBook
Language:Italian
Published: Bari : Cacucci Editore, 2009
Subjects:
Online Access:http://www.vlex.com/source/11217

MARC

LEADER 00000nam a22000007a 4500
005 20130430182419.0
007 cr|||| ||||
008 130430e2009 it |||||s|||| 00||0 ita d
020 |a 9788884229014 
035 |a 11217 
040 |a vLex 
090 |c 4236  |d 4236 
100 1 0 |a Pierri, Paola 
245 1 2 |a L’ignoranza dell’et ̉del minore nei delitti sessuali  |c / Paola Pierri   |h [Recurso electrn̤ico] 
256 |a Servicio en ln̕ea 
260 |a Bari :  |b Cacucci Editore,   |c 2009 
300 |a 1 Recurso electrn̤ico 
506 |d vLex Global  |d vLex Global (Academic Edition, excluding Law Schools)  |d vLex Global (U.S. Academic Edition, Law Schools)  |d vLex Global (U.S. Academic Edition, excluding Law Schools)  |d vLex Global (Academic Edition, Law Schools) 
650 0 4 |a Menores  |z Italia 
650 0 4 |a Penal  |z Italia 
650 0 4 |a Menor de edad penal  |z Italia 
650 0 4 |a Menores de edad  |z Italia 
650 0 4 |a Menores vc̕timas de abuso sexual   |x Situacin̤ legal, leyes, etc.   |z Italia 
740 |a vLex Libros (Servicio en ln̕ea) 
856 |a Acceso restringido  |u http://www.vlex.com/source/11217 
942 |c BOOK 
999 0 |a Juvenile justice, Administration of